Ghosts of war : (Record no. 7329)

MARC details
000 -LEADER
fixed length control field 01329nam a22002537a 4500
001 - CONTROL NUMBER
control field 7329
003 - CONTROL NUMBER IDENTIFIER
control field FISKH
005 - DATE AND TIME OF LATEST TRANSACTION
control field 20250709145156.0
008 - FIXED-LENGTH DATA ELEMENTS--GENERAL INFORMATION
fixed length control field 250709b cb ||||| |||| 00| 0 eng d
020 ## - INTERNATIONAL STANDARD BOOK NUMBER
International Standard Book Number 9780545665872
040 ## - CATALOGING SOURCE
Original cataloging agency FISKH
Language of cataloging eng
Transcribing agency FISKH
Modifying agency FISKH
050 ## - LIBRARY OF CONGRESS CALL NUMBER
Classification number PZ7.W3213 L
082 ## - DEWEY DECIMAL CLASSIFICATION NUMBER
Classification number 481
100 ## - MAIN ENTRY--PERSONAL NAME
Personal name Watkins, Steve
245 ## - TITLE STATEMENT
Title Ghosts of war :
Remainder of title Lost at Khe Sanh /
Statement of responsibility, etc. Steve Watkins
250 ## - EDITION STATEMENT
Edition statement This edition first published in 2015
260 ## - PUBLICATION, DISTRIBUTION, ETC.
Place of publication, distribution, etc. New York :
Name of publisher, distributor, etc. Scholastic,
Date of publication, distribution, etc. 2015
300 ## - PHYSICAL DESCRIPTION
Extent 198 pages :
Dimensions 20 cm
520 ## - SUMMARY, ETC.
Summary, etc. "Anderson finds himself drawn to the old trunk of military relics in the basement of his family's junk shop again. His friends Greg and Julie warn him to stay away from it, but he can't help himself. This time Anderson discovers an old grenade with a strange message scratched into it. But an old grenade is dangerous ... especially when the ghost of a soldier appears, claiming that it's his lucky grenade during his service in the Vietnam War. What does this ghost want from Anderson, Greg, and Julie? Is he here for their help--or for something more sinister? It's a race against time as the friends work to solve the mystery!"--Page [4] of cover.<br/>
650 ## - SUBJECT ADDED ENTRY--TOPICAL TERM
Source of heading or term Historical fiction
Topical term or geographic name entry element Juvenile fiction
650 ## - SUBJECT ADDED ENTRY--TOPICAL TERM
Source of heading or term Vietnam War
Topical term or geographic name entry element Ghosts
942 ## - ADDED ENTRY ELEMENTS (KOHA)
Source of classification or shelving scheme Dewey Decimal Classification
Koha item type Books
Suppress in OPAC No
Holdings
Withdrawn status Lost status Source of classification or shelving scheme Damaged status Not for loan Collection Home library Current library Shelving location Date acquired Total Checkouts Full call number Barcode Date last seen Date last checked out Copy number Price effective from Koha item type
    Dewey Decimal Classification     Fiction Footprints International School Library Network Toul Tom Poung Campus Footprints International School Library Network Toul Tom Poung Campus TTP Secondary Fiction Bookshelves 07/09/2025 1 WAT 481 PZ7.W3213 L 2025-1791 11/19/2025 10/31/2025 1 07/09/2025 Books